DYNAMICS OF EMPLOYEE RELATIONS MANAGEMEN (Record no. 13606)
[ view plain ]
| 000 -LEADER | |
|---|---|
| fixed length control field | 00355nam a2200133Ia 4500 |
| 008 - FIXED-LENGTH DATA ELEMENTS--GENERAL INFORMATION | |
| fixed length control field | 240624s9999 xx 000 0 und d |
| 041 ## - LANGUAGE CODE | |
| Language code of text/sound track or separate title | eng |
| 082 ## - DEWEY DECIMAL CLASSIFICATION NUMBER | |
| Classification number | 331 BLY |
| 100 ## - MAIN ENTRY--PERSONAL NAME | |
| Personal name | BLYTON PAUL |
| 245 ## - TITLE STATEMENT | |
| Title | DYNAMICS OF EMPLOYEE RELATIONS MANAGEMEN |
| 260 ## - PUBLICATION, DISTRIBUTION, ETC. | |
| Date of publication, distribution, etc. | 1998 |
| Place of publication, distribution, etc. | London |
| Name of publisher, distributor, etc. | Macmillan Business |
| 300 ## - PHYSICAL DESCRIPTION | |
| Extent | xviii, : 404 : p. : cm. ; 23 |
| 365 ## - TRADE PRICE | |
| Currency code | BPS |
| Price amount | 30 |
| Withdrawn status | Lost status | Damaged status | Not for loan | Home library | Current library | Shelving location | Date acquired | Source of acquisition | Cost, normal purchase price | Total Holds | Full call number | Barcode | Date last seen | Copy number | Price effective from | Koha item type |
|---|---|---|---|---|---|---|---|---|---|---|---|---|---|---|---|---|
| IMTN | IMTN | Rack 8-A | 08/05/2009 | EDUBC | 19.99 | 32767 | 331 BLY | 13606 | 06/24/2024 | 82.7 | 06/24/2024 | Books |